00475nam a2200193 a 4500001001300000003000900013005001700022008004100039020001000080082001600090100001700106245004600123260002500169300000900194500003500203505001000238650001600248700001700264nice12345678IN_TiNIC20260116013350.0050524s1995 dela grp 000 0 eng  ac45000a340.59bSHO aShouri, Arun aWorld of Fatwab Or the Shariah in Action aDelhibASA Pubc1995 a685p aincludes index and biblioraphy2 aIndex aIslamic-Law1 aShouri, Arun